000 00645cam a22002413a 4500
001 30405
003 PGUSA
005 20140828083646.0
008 091105s2009||||xxu|||||s|||||000 1 eng d
040 _aPGUSA
_beng
042 _adc
050 4 _aPS
100 1 _aSholto, Ralph
245 1 4 _aThe Clean and Wholesome Land
_h[electronic resource] /
_cRalph Sholto
260 _bProject Gutenberg,
_c2009
506 _aPublic domain in the USA.
516 _aElectronic text
653 _aShort stories
653 _aScience fiction
830 0 _aProject Gutenberg
_v30405
856 4 0 _uhttp://www.gutenberg.org/ebooks/30405
942 _cEB
999 _c259660
_d259660